00460nam a2200169Ia 4500003000400000005001700004008004100021020001800062040000700080041000800087082001600095100002300111245006900134260005800203300001600261365001300277OSt20260502102118.0210423s2010 xx 000 0 und d a9788126914128 cAL aeng a823.09 SRIS aSunitha Srinivas C aFunctionalism and Indian english fictionb: from cradle to grave aNew DelhibAtlantic Publishers and Distributorsc2010 axii,236bPB b550cINR